| 000 | 00000nas##2200000za#4500 |
| 001 | 9.503376 |
| 003 | CaOODSP |
| 005 | 20210507160751 |
| 007 | cr ||||||||||| |
| 008 | 150406c2007||||xxc|| p o||||f| |0fre|d |
| 040 | |aCaOODSP|bfre |
| 043 | |an-cn--- |
| 086 | 1 |aCW71-6F-PDF |
| 110 | 2 |aService canadien de la faune. |
| 245 | 10|aBulletin sur le Programme de surveillance des oiseaux forestiers de l'Ontario / |h[ressource électronique]|cPublié par la Région de l'Ontario. |
| 246 | 13|aBulletin du PSOF du printemps |
| 260 | |aOttawa - Ontario : |bEnvironnement Canada. |
| 310 | |aIrrégulier |
| 362 | 1 |aVol. 17, no. 1, printemps 2007-- |
| 775 | 08|tOntario Forest Bird Monitoring Program newsletter / |w(CaOODSP)9.505126 |